000 01374nam a2200337 c 4500
999 _c164656
_d164656
003 BLK
005 20250102092337.0
008 180410b bul|||||r ||||||| ||bul||
010 _aKNG00172191000
040 _aBLK
041 _aBUL
_cBUL
080 _aАнглийска литература
_b821.111
_x-31
_z821.111-31
100 1 _aРид, Томас Майн
_d1818-1883
_eпърви автор
_9365222
139 _aРид, Томас Майн
_bР 59
245 1 0 _aКонникът без глава
_bРоман
_cТомас Майн Рид; прев. от англ. Владимир Филипов; ил. Любен Христов Зидаров.
257 _aBGR
260 _bОтечество
_c1978
300 _a624 с.
_bс ил.
_c22 см
380 _aX
490 _aСветовна класика за деца и юноши
_9202177
500 _aОриг. загл. The headiless horseman. - 1. изд. 1956 с ил. Н. Кочергин. - 100 115 тир.
700 _aФилипов, Владимир
_d1925-2004
_9363823
700 _aЗидаров, Любен Христов
_eил.
_9365107
852 _aЦб 91829
856 4 _qpdf
_i0.00
_ldisable
856 4 _qpdf
_i0.00
_ldisable
942 _cKNG
_n0
_s1
944 _aCR
_c26.02.2015
_k30540
_lСевдалина Тодорова
944 _aED
_c26.02.2015
_kСимона_Петрова
999 _d164656